[Event "Madrid Codes Memorial 8th"]
[Site "Madrid"]
[Date "2014.04.06"]
[Round "3"]
[White "Savchuk, Olga"]
[Black "Vazquez Moreno, Luis"]
[Result "0-1"]
[WhiteElo "1579"]
[BlackElo "1737"]
[PlyCount "94"]
[EventDate "2014.03.23"]
[EventType "swiss"]
[EventRounds "9"]
[EventCountry "ESP"]
[SourceTitle "EXT 2015"]
[Source "ChessBase"]
[SourceDate "2014.11.20"]
[SourceVersion "1"]
[SourceVersionDate "2014.11.20"]
[SourceQuality "1"]

1. e4 c5 2. Nf3 Nc6 3. d4 cxd4 4. Nxd4 g6 5. c4 Bg7 6. Be3 Nf6 7. Nc3 Ng4 8. Nxc6 Nxe3 9. Nxd8 Nxd1 10. Nxd1 Kxd8 11. Be2 b6 12. 0-0 Bb7 13. f3 Rc8 14. Rc1 b5 15. b3 bxc4 16. Rxc4 Rxc4 17. Bxc4 e6 18. Nf2 f5 19. Rd1 Ke7 20. Bd3 Rc8 21. Bb5 Bc6 22. Rc1 Bd4 23. Bxc6 dxc6 24. Kf1 a5 25. Nd3 c5 26. Rc4 e5 27. a3 fxe4 28. fxe4 Kd6 29. b4 axb4 30. axb4 Rf8+ 31. Ke2 cxb4 32. Rxb4 Rc8 33. Rb7 Rc2+ 34. Kf3 Rd2 35. Rb3 h5 36. h3 g5 37. Ra3 Kc7 38. Rb3 Kc6 39. Kg3 Re2 40. Nb4+ Kc5 41. Kf3 Rf2+ 42. Kg3 h4+ 43. Kh2 Rf1 44. Nd3+ Kc4 45. Ra3 Bg1+ 46. Kh1 Bf2+ 47. Kh2 Bg3# 0-1

[Event "Madrid Codes Memorial 7th"]
[Site "Madrid"]
[Date "2013.06.02"]
[Round "9"]
[White "Lianes Garcia, Marcos"]
[Black "Vazquez Moreno, Luis"]
[Result "0-1"]
[WhiteElo "1741"]
[BlackElo "1729"]
[PlyCount "98"]
[EventDate "2013.04.07"]
[EventType "swiss"]
[EventRounds "9"]
[EventCountry "ESP"]
[SourceTitle "EXT 2014"]
[Source "ChessBase"]
[SourceDate "2013.11.20"]
[SourceVersion "1"]
[SourceVersionDate "2013.11.20"]
[SourceQuality "1"]

1. d4 c5 2. d5 Nf6 3. c4 b5 4. cxb5 a6 5. b6 g6 6. Nc3 Qxb6 7. a4 Bg7 8. a5 Qc7 9. e4 d6 10. Nf3 0-0 11. Nd2 e6 12. Nc4 Ne8 13. Be2 f5 14. dxe6 Bxe6 15. Nd5 Qf7 16. Ndb6 fxe4 17. 0-0 Ra7 18. Nxd6 Nxd6 19. Qxd6 Bd4 20. Kh1 Nd7 21. Be3 Bxb2 22. Ra4 Be5 23. Qd2 Nxb6 24. axb6 Rd7 25. Qc1 Bd4 26. Rxa6 Rb8 27. b7 Rbxb7 28. Rxe6 Qxe6 29. Bc4 Rd5 30. Qa3 Rbd7 31. Rd1 Kg7 32. h3 Qe5 33. Bxd5 Qxd5 34. Re1 Bxe3 35. Qxe3 Qd4 36. Qe2 Rf7 37. Kg1 Re7 38. Rd1 Qc3 39. Re1 c4 40. Qe3 Qxe3 41. Rxe3 Kf6 42. Kf1 Ke5 43. Ke2 Kd4 44. Ra3 Rb7 45. Ra2 Rb4 46. Kd2 c3+ 47. Kc2 Rb2+ 48. Rxb2 cxb2 49. Kxb2 Kd3 0-1

[Event "Madrid Codes Memorial 7th"]
[Site "Madrid"]
[Date "2013.05.26"]
[Round "8"]
[White "Vazquez Moreno, Luis"]
[Black "Ruiz Sanchez, Roberto"]
[Result "0-1"]
[WhiteElo "1729"]
[BlackElo "1981"]
[PlyCount "94"]
[EventDate "2013.04.07"]
[EventType "swiss"]
[EventRounds "9"]
[EventCountry "ESP"]
[SourceTitle "EXT 2014"]
[Source "ChessBase"]
[SourceDate "2013.11.20"]
[SourceVersion "1"]
[SourceVersionDate "2013.11.20"]
[SourceQuality "1"]

1. d4 d5 2. c4 c6 3. Nc3 Nf6 4. Nf3 a6 5. Bg5 Ne4 6. cxd5 cxd5 7. Qa4+ Nc6 8. Bf4 e6 9. e3 Be7 10. Bd3 g5 11. Bg3 h5 12. h4 Nxg3 13. fxg3 g4 14. Ne5 Bd7 15. Nxd7 Qxd7 16. a3 Bd6 17. Ne2 f5 18. Rc1 0-0 19. 0-0 Rfc8 20. b4 b5 21. Qd1 Nd8 22. Qd2 Nf7 23. Nf4 Bxf4 24. gxf4 Nd6 25. g3 Kf7 26. Rc5 Qb7 27. Rfc1 Ke7 28. Qc2 Nc4 29. Bxc4 dxc4 30. Qg2 Qxg2+ 31. Kxg2 Rxc5 32. bxc5 Kd7 33. Kf2 Kc6 34. Ke2 Kd5 35. Rb1 Rb8 36. Kd2 Ke4 37. Kc3 Kf3 38. d5 exd5 39. Kd4 Kxg3 40. Kxd5 Kf2 41. Kd6 g3 42. Kc7 Rg8 43. c6 g2 44. Kb6 g1Q 45. Rxg1 Kxg1 46. Kxa6 c3 47. Kb7 c2 0-1

[Event "Madrid Codes Memorial 4th"]
[Site "Madrid"]
[Date "2010.05.09"]
[Round "4"]
[White "Murciano Cespedosa, Antonio"]
[Black "Vazquez Moreno, Luis"]
[Result "0-1"]
[WhiteElo "1727"]
[BlackElo "1719"]
[PlyCount "120"]
[EventDate "2010.04.18"]
[EventType "swiss"]
[EventRounds "9"]
[EventCountry "ESP"]
[SourceTitle "CBM 136 Extra"]
[Source "ChessBase"]
[SourceDate "2010.07.02"]
[SourceVersion "2"]
[SourceVersionDate "2010.07.15"]
[SourceQuality "1"]

1. d4 Nf6 2. c4 c5 3. d5 b5 4. b3 g6 5. Bb2 Bg7 6. Nf3 d6 7. e3 0-0 8. Bd3 Qb6 9. Nbd2 bxc4 10. Bxc4 a5 11. Rb1 Bf5 12. Bxf6 Bxf6 13. e4 Bd7 14. 0-0 Na6 15. Re1 Bg7 16. Nf1 Nb4 17. a3 Na2 18. Qc2 Nc3 19. Rbc1 Nb5 20. Bxb5 Qxb5 21. Ne3 a4 22. Rb1 axb3 23. Rxb3 Qa4 24. Qc4 Qa5 25. Rb7 Ra7 26. Reb1 Qxa3 27. Nc2 Qa5 28. Qb3 Rxb7 29. Qxb7 Qa4 30. Ne3 Qxe4 31. Nd2 Qa4 32. Ndc4 Bd4 33. Nb6 Qa2 34. Nxd7 Rd8 35. Rf1 Qa4 36. Nb6 Qb4 37. Qc7 Re8 38. Nbc4 Kf8 39. Qb6 Qa4 40. Rb1 Qa8 41. Qb7 Qa2 42. Qb3 Qa7 43. Nc2 Bg7 44. N2e3 h6 45. h4 Bf6 46. g3 Kg7 47. Nd2 e6 48. Ne4 Qc7 49. Nxf6 Kxf6 50. Ng4+ Kg7 51. dxe6 fxe6 52. Qb2+ e5 53. Qb7 Re7 54. Qd5 h5 55. Ne3 Kf6 56. Nc4 Rd7 57. Rb6 Ke7 58. Ra6 Qb7 59. Qxb7 Rxb7 60. Rxd6 Rb4 0-1

[Event "Madrid Codes Memorial 3rd"]
[Site "Madrid"]
[Date "2009.06.07"]
[Round "8"]
[White "Torres Sevilla, Christian"]
[Black "Vazquez Moreno, Luis"]
[Result "0-1"]
[WhiteElo "1861"]
[BlackElo "1708"]
[PlyCount "106"]
[EventDate "2009.04.05"]
[EventType "swiss"]
[EventRounds "9"]
[EventCountry "ESP"]
[SourceTitle "EXT 2010"]
[Source "ChessBase"]
[SourceDate "2010.11.25"]
[SourceVersion "1"]
[SourceVersionDate "2010.11.25"]
[SourceQuality "1"]

1. d4 Nf6 2. c4 c5 3. d5 b5 4. cxb5 a6 5. bxa6 g6 6. Nc3 Bxa6 7. Nf3 d6 8. g3 Bg7 9. Bg2 Nbd7 10. 0-0 Nb6 11. Re1 0-0 12. e4 Nfd7 13. Qc2 Nc4 14. b3 Qa5 15. bxc4 Qxc3 16. Qxc3 Bxc3 17. Bh6 Rfb8 18. Rac1 Bxe1 19. Nxe1 Ne5 20. Bf1 Rb4 21. Nc2 Ra4 22. Ne3 Rxa2 23. Kg2 Rb8 24. Bf4 Nd7 25. Nd1 Rb3 26. g4 Raa3 27. h4 Nf6 28. Bg5 Nxe4 29. Bxe7 Bc8 30. Ne3 Ra2 31. Kf3 f5 32. Be2 Kf7 33. gxf5 gxf5 34. Bg5 Nxg5+ 35. hxg5 f4 36. Bd1 Rba3 37. Kxf4 Rxf2+ 38. Kg3 Rf5 39. Bh5+ Kg7 40. Re1 Rxg5+ 41. Kh4 Re5 42. Rg1+ Kh8 43. Bf7 h6 44. Rg8+ Kh7 45. Rxc8 Rexe3 46. Kg4 Re4+ 47. Kf5 Re5+ 48. Kf4 Ra1 49. Rc7 Rf1+ 50. Kg3 Rg5+ 51. Kh2 Rg7 52. Rd7 Rfxf7 53. Rxd6 Rf5 0-1

[Event "Madrid Villaverde op 10th"]
[Site "Madrid"]
[Date "2009.03.24"]
[Round "2"]
[White "Vazquez Moreno, Luis"]
[Black "Corral Aragon, Juan Maria"]
[Result "0-1"]
[WhiteElo "1707"]
[BlackElo "1821"]
[PlyCount "66"]
[EventDate "2009.03.23"]
[EventType "swiss"]
[EventRounds "8"]
[EventCountry "ESP"]
[SourceTitle "CBM 129 Extra"]
[Source "ChessBase"]
[SourceDate "2009.05.05"]
[SourceVersion "2"]
[SourceVersionDate "2009.05.20"]
[SourceQuality "1"]

1. e4 c6 2. d4 d5 3. Nc3 dxe4 4. Nxe4 Bf5 5. Ng3 Bg6 6. Nf3 Nd7 7. Bf4 Qa5+ 8. Qd2 Qxd2+ 9. Kxd2 0-0-0 10. b4 e5 11. Bxe5 Nxe5 12. Nxe5 Rxd4+ 13. Nd3 Bxb4+ 14. Ke3 Bc3 15. Rd1 Nf6 16. f3 Re8+ 17. Kf2 Ra4 18. Ne2 Ba5 19. Ra1 Bb6+ 20. Ke1 Bd4 21. Rb1 Rxa2 22. Kd2 Be3+ 23. Kc3 Nd5+ 24. Kb3 Ra6 25. Kc4 f6 26. Nc3 Nb6+ 27. Kb4 Bd2 28. Nc5 Nd5+ 29. Kc4 Ne3+ 30. Kb4 Rb6+ 31. Ka4 Bxc2+ 32. Ka3 Bxb1 33. N5a4 Nc2# 0-1

[Event "Madrid-ch Previa-B"]
[Site "Madrid"]
[Date "2008.11.06"]
[Round "1"]
[White "Garcia Garcia, Ruben1111"]
[Black "Vazquez Moreno, Luis"]
[Result "1/2-1/2"]
[WhiteElo "1920"]
[BlackElo "1743"]
[PlyCount "64"]
[EventDate "2008.11.06"]
[EventType "swiss"]
[EventRounds "9"]
[EventCountry "ESP"]
[SourceTitle "CBM 127 Extra"]
[Source "ChessBase"]
[SourceDate "2009.01.08"]
[SourceVersion "2"]
[SourceVersionDate "2009.01.28"]
[SourceQuality "1"]

1. e4 c5 2. Nf3 Nc6 3. d4 cxd4 4. Nxd4 g6 5. Nxc6 bxc6 6. Qd4 Nf6 7. e5 Nd5 8. Bc4 e6 9. Nd2 f5 10. exf6 Qxf6 11. Qxf6 Nxf6 12. Nf3 d5 13. Bd3 Bg7 14. 0-0 Nd7 15. Re1 e5 16. Nxe5 Nxe5 17. f4 0-0 18. fxe5 Bf5 19. Bd2 a5 20. Rab1 c5 21. Bxf5 Rxf5 22. e6 a4 23. c3 Re8 24. Re2 Re5 25. Rbe1 R8xe6 26. Rxe5 Rxe5 27. Rxe5 Bxe5 28. b4 axb3 29. axb3 d4 30. cxd4 Bxd4+ 31. Kf1 Kf7 32. Ke2 Ke6 1/2-1/2

[Event "Madrid Codes Memorial 2nd"]
[Site "Madrid"]
[Date "2008.04.20"]
[Round "2"]
[White "Vazquez Moreno, Luis"]
[Black "Vega Gomez, Francisco Borja"]
[Result "0-1"]
[WhiteElo "1736"]
[BlackElo "2150"]
[PlyCount "104"]
[EventDate "2008.04.13"]
[EventType "swiss"]
[EventRounds "9"]
[EventCountry "ESP"]
[SourceTitle "EXT 2009"]
[Source "ChessBase"]
[SourceDate "2008.11.26"]
[SourceVersion "1"]
[SourceVersionDate "2008.11.26"]
[SourceQuality "1"]

1. e4 d5 2. exd5 Nf6 3. d4 Nxd5 4. c4 Nb6 5. Be2 g6 6. Nf3 Bg7 7. h3 0-0 8. 0-0 Nc6 9. Be3 e5 10. dxe5 Nxe5 11. Nxe5 Bxe5 12. Nc3 Be6 13. Bxb6 axb6 14. f4 Qxd1 15. Bxd1 Bd4+ 16. Kh2 Bxc4 17. Re1 Bxc3 18. bxc3 Rxa2 19. Rxa2 Bxa2 20. Re7 Bd5 21. Rxc7 Rd8 22. Bf3 Bxf3 23. gxf3 Rd6 24. Kg3 Kg7 25. Rxb7 Rc6 26. h4 Kf6 27. Kg4 Kg7 28. Kg3 Kf6 29. Kg4 h5+ 30. Kg3 Ke6 31. Kf2 f6 32. Kg3 Kd5 33. Kf2 Kc4 34. Rg7 f5 35. Ke2 Kxc3 36. Rb7 Rd6 37. Rc7+ Kb3 38. Rb7 Kb4 39. Ke3 b5 40. Ke2 Kc4 41. Rc7+ Kb3 42. Re7 b4 43. Rb7 Kc3 44. Rc7+ Kb2 45. Rb7 b3 46. Rc7 Kb1 47. Rb7 b2 48. Ra7 Rd5 49. Ra6 Kc2 50. Rc6+ Kb3 51. Rb6+ Kc3 52. Rb8 Rd4 0-1